Mamarrachos académicos (Record no. 96669)

MARC details
000 -LEADER
campo de control de longitud fija 00920nam a2200229 i 4500
001 - NÚMERO DE CONTROL
campo de control 96669
003 - IDENTIFICADOR DE NÚMERO DE CONTROL
campo de control ES-MaACL
005 - FECHA Y HORA DE LA ÚLTIMA TRANSACCIÓN
campo de control 20231227062619.0
007 - CAMPO FIJO DE DESCRIPCIÓN FÍSICA--INFORMACIÓN GENERAL
campo de control de longitud fija t|
008 - DATOS DE LONGITUD FIJA--INFORMACIÓN GENERAL
campo de control de longitud fija 050629q1923 sp |||| | spa d
245 00 - MENCIÓN DEL TÍTULO
Título Mamarrachos académicos
Resto del título : o sea la Academia de la Lengua juzgada por D. Marcelino Menéndez y Pelayo : carta inédita [?] de este eminente crítico a D. Alejandro Pidal y Mon /
Mención de responsabilidad, etc. publicada y comentada por U. I. ; prólogo de D.J. Cejador.
260 ## - PUBLICACIÓN, DISTRIBUCIÓN, ETC.
Lugar de publicación, distribución, etc. Madrid :
Nombre del editor, distribuidor, etc. Bética,
Fecha de publicación, distribución, etc. [1923?]
300 ## - DESCRIPCIÓN FÍSICA
Extensión XXII, 140 p. ;
Dimensiones 19 cm.
490 1# - MENCIÓN DE SERIE
Mención de serie Biblioteca Rosalinda
610 24 - PUNTO DE ACCESO ADICIONAL DE MATERIA--NOMBRE DE ENTIDAD CORPORATIVA
Nombre de entidad corporativa o nombre de jurisdicción como elemento de entrada Real Academia Española
9 (RLIN) 6336
650 04 - PUNTO DE ACCESO ADICIONAL DE MATERIA--TÉRMINO DE MATERIA
Término de materia o nombre geográfico como elemento de entrada Lengua española-
Subdivisión general Lexicografía.
9 (RLIN) 14170
700 1# - ENTRADA AGREGADA--NOMBRE PERSONAL
Nombre de persona Cejador y Frauca, Julio,
Fechas asociadas al nombre 1864-1927
9 (RLIN) 37333
700 1# - ENTRADA AGREGADA--NOMBRE PERSONAL
Nombre de persona Menéndez y Pelayo, Marcelino,
Fechas asociadas al nombre 1856-1912
9 (RLIN) 80332
830 0# - PUNTO DE ACCESO ADICIONAL DE SERIE-TÍTULO UNIFORME
Título uniforme Biblioteca Rosalinda
9 (RLIN) 227327
852 ## - LOCALIZACIÓN
Ubicación ES-MaACL
Número de control de estantería G-3387
Holdings
Estatus retirado Estado de pérdida Estado de daño No para préstamo Biblioteca de origen Biblioteca actual Ubicación en estantería Fecha de adquisición Fuente de adquisición Total de préstamos Signatura topográfica completa Código de barras Visto por última vez Precio de reemplazo Tipo de ítem Koha
        Biblioteca del Ateneo de Madrid Biblioteca del Ateneo de Madrid Depósito 2 17/01/2008     G-3387 1100921 23/02/2023 23/02/2023 Libro impreso